Preliminary report of permafrost investigations in the Dunbar Area, Alaska. (Record no. 28409)
[ view plain ]
| 000 -LEADER | |
|---|---|
| fixed length control field | 00861cam a22002771 4500 |
| 001 - CONTROL NUMBER | |
| control field | gs 49000278 |
| 003 - CONTROL NUMBER IDENTIFIER | |
| control field | DLC |
| 005 - DATE AND TIME OF LATEST TRANSACTION | |
| control field | 20260227111355.0 |
| 008 - FIXED-LENGTH DATA ELEMENTS--GENERAL INFORMATION | |
| fixed length control field | 770317s1949 dcua f000 0 eng c |
| 010 ## - LIBRARY OF CONGRESS CONTROL NUMBER | |
| LC control number | gs 49000278 |
| 040 ## - CATALOGING SOURCE | |
| Original cataloging agency | U.S. Geol. Survey. Libr. |
| Transcribing agency | ak |
| Modifying agency | DLC |
| 043 ## - GEOGRAPHIC AREA CODE | |
| Geographic area code | n-us-ak |
| 050 10 - LIBRARY OF CONGRESS CALL NUMBER | |
| Classification number | QE75 |
| Item number | .C5 no. 42 |
| 051 ## - LIBRARY OF CONGRESS COPY, ISSUE, OFFPRINT STATEMENT | |
| Classification number | QE699 |
| Item number | .P4 |
| Copy information | Copy 2. |
| 082 00 - DEWEY DECIMAL CLASSIFICATION NUMBER | |
| Classification number | 557.3 |
| 100 1# - MAIN ENTRY--PERSONAL NAME | |
| Personal name | Péwé, Troy Lewis, |
| Dates associated with a name | 1918- |
| 245 00 - TITLE STATEMENT | |
| Title | Preliminary report of permafrost investigations in the Dunbar Area, Alaska. |
| 260 ## - PUBLICATION, DISTRIBUTION, ETC. | |
| Place of publication, distribution, etc. | Washington, |
| Date of publication, distribution, etc. | 1949. |
| 300 ## - PHYSICAL DESCRIPTION | |
| Extent | 3 l. |
| Other physical details | illus. |
| Dimensions | 27 cm. |
| 490 1# - SERIES STATEMENT | |
| Series statement | United States. Geological Survey. Circular |
| Volume/sequential designation | no.42 |
| 500 ## - GENERAL NOTE | |
| General note | Cover title. |
| 650 #0 - SUBJECT ADDED ENTRY--TOPICAL TERM | |
| Topical term or geographic name entry element | Permafrost |
| Geographic subdivision | Alaska. |
| 650 #0 - SUBJECT ADDED ENTRY--TOPICAL TERM | |
| Topical term or geographic name entry element | Soils |
| Geographic subdivision | Alaska. |
| 740 0# - ADDED ENTRY--UNCONTROLLED RELATED/ANALYTICAL TITLE | |
| Uncontrolled related/analytical title | Permafrost investigations in the Dunbar Area, Alaska. |
| 830 #0 - SERIES ADDED ENTRY--UNIFORM TITLE | |
| Uniform title | Geological Survey circular ; |
| Volume/sequential designation | 42. |
No items available.